| 000 | 00675nam a2200157 a 4500 | ||
|---|---|---|---|
| 008 | 070928s1995 ||||||||||||||||| || u | ||
| 050 | _aIBRD(06)RPWDR/1995/1 | ||
| 110 | _aWorld Bank | ||
| 245 | 1 | 4 | _aThe employment crisis in industrial countries: is international integration to blame? |
| 260 |
_aWashington, D. C. _bWorld Bank _c1995 |
||
| 300 | _aiv, 11p.:ill. | ||
| 350 | _a0.00 | ||
| 490 | _aRegional Perspectives on World Development Report 1995 | ||
| 650 | _aEMPLOYMENT CRISIS--INDUSTRIAL COUNTRIES | ||
| 995 |
_D0.00 _FCBU-MAIN LIBRARY (Kitwe) _H1 _I0.00 _M1 _UAVAILABLE _WSep 28, 2007 _ZInternational Publications |
||
| 999 |
_c41780 _d41780 |
||